000
00341nam a22001457a 4500
008
230206b ||||| |||| 00| 0 eng d
020
_a
9780070062955
041
_a
eng
080
_2
4TH EDITION
_a
51
082
_a
51BEN
100
_a
20
101
_a
MATE
245
_a
MATHEMATICS FOR ELEMENTARY TEACHERS
_c
BENNETT B A
942
_2
udc
_c
BK
999
_c
59310
_d
59310